Guess the Middle East Country - Statistics

General Stats
  • This quiz has been taken 86 times
    74 since last reset
  • The average score is 10 of 15
Answer Stats
Hint Answer % Correct
Middle East country which is home to the city of Makkah (Mecca) Saudi Arabia
96%
Least populated country in the Middle East Bahrain
82%
Most populated country in the Middle East Egypt
82%
Only Mediterranean island nation in the Middle East Cyprus
80%
Most dangerous country in the Middle East Syria
76%
Safest country in the Middle East United Arab Emirates
73%
Second Most dangerous country in the Middle East Iraq
67%
Country in the Middle East with a capital called "Beirut" Lebanon
65%
Oldest independent country in the Arabian Peninsula Oman
62%
Country in the Middle East which has the most refugees of the above Turkey
62%
Middle East country which has decided to make peace with Israel and does not have its own oil Jordan
58%
Third most dangerous country in the Middle East Yemen
58%
Country in the Middle East with the highest valued currency in the Middle East and the world. Kuwait
55%
Country with the highest living standard in the middle east Israel
53%
Third most literate country in the Middle East Qatar
47%
No matching quizzes found
Score Distribution
Percent of People with Each Score
Percentile by Number Answered
Your Score History
You have not taken this quiz since the last reset